| 000 | 01205nam a2200253 a 4500 | ||
|---|---|---|---|
| 001 | 000036127 | ||
| 005 | 20240223163822.0 | ||
| 008 | 111214s2011 dr acd 000 0 spa d | ||
| 020 | _a9789945164435 | ||
| 040 |
_aDO-SdBNP _bspa _cBNPHU |
||
| 082 |
_a174.28 _bR426m |
||
| 110 |
_aRepública Dominicana. _bMinisterio de Salud Pública. _bConsejo Nacional de Bioética en Salud _962159 |
||
| 245 | 1 | 0 |
_aMemorias institucionales : _bseis años de gestión, CONABIOS 2004-2010 / _ceditora coordinadora Saida Noemi Germán Guzmán. |
| 260 |
_aSanto Domingo : _bMinisterio de Salud Pública, _c2011. |
||
| 300 |
_a226 p. ; : _bil. ; _c26 cm. |
||
| 590 | _aInventariado, 2018/MFF | ||
| 650 | 4 |
_aMedicina _xInvestigaciones _zRepública Dominicana _xMemorias e informes _962160 |
|
| 650 | 4 |
_aBioética _xInvestigaciones _zRepública Dominicana _xMemorias e informes _962161 |
|
| 650 | 4 |
_aCiencia y ética _zRepública Dominicana _xMemorias e informes _962162 |
|
| 650 | 4 |
_aInstituciones públicas _zRepública Dominicana _917927 |
|
| 651 | 4 |
_aRepública Dominicana _xAdministración Pública _xMemorias E Informes _91286 |
|
| 700 | 1 |
_aGermán Guzmán, Saida Noemí, _eed. _962163 |
|
| 910 | _aValidado. Control de calidad EMS. | ||
| 999 |
_c35618 _d35618 |
||